000 01102nmc a2200349 a 4500
003 AR-BaBNM
005 20251128205008.0
008 256019s1995 ||||||||||||||000 | spa||
020 _a0-8270-3425-3
040 _cAR-BaBNM
100 1 _aFlores D'Arcais, Giuseppe
245 1 0 _aAportes para una pedagogía de la persona
260 _aWashington, D.C.
_bOEA
_c1995
300 _a73 p.
490 0 _aInteramer. Educativa
_vv. 49
500 _aPROMESUP: Proyecto Multinacional de Educación Media y Superior
500 _aOEA: Organización de Estados Americanos
500 _aPREDE/OEA: Programa Regional de Desarrollo Educativo
650 4 _aPEDAGOGIA
650 4 _aTEORIAS DE LA EDUCACION
650 4 _aTEORIAS DEL COMPORTAMIENTO
650 4 _aFILOSOFIA DE LA EDUCACION
650 4 _aRELACION ALUMNO-DOCENTE
650 4 _aEDUCACION MORAL
650 4 _aAXIOLOGIA
700 1 _aCuraba, Luisella
_etraductor
700 1 _aZannier, Claudia
_etraductor
700 1 _aLuque, Mónica
_eprologuista
700 1 _aCintra, Antonio Octavio
_eprologuista
942 _cBK
998 _csilvi
999 _c9620
_d9620